THE RIGHT TO BE HEARD: ONE Magazine, Obscenity Law, and the Battle Over Homosexual Speech

In the years following the Second World War, the movement for LGBT rights in the United States evolved dramatically from a state of near invisibility to one of outward protest and pride. How can historians account for this radical shift within the movement? Previous historical analyses have focused...

Full description

Saved in:  
Bibliographic Details
Main Author: BRIKER, GREGORY (Author)
Format: Electronic Book
Language:English
Published: 2020
In:Year: 2020
Online Access: Volltext (kostenfrei)
Check availability: HBZ Gateway

MARC

LEADER 00000cam a22000002c 4500
001 1866329030
003 DE-627
005 20250113054907.0
007 cr uuu---uuuuu
008 231019s2020 xx |||||o 00| ||eng c
035 |a (DE-627)1866329030 
035 |a (DE-599)KXP1866329030 
040 |a DE-627  |b ger  |c DE-627  |e rda 
041 |a eng 
084 |a 2,1  |2 ssgn 
100 1 |a BRIKER, GREGORY  |e VerfasserIn  |4 aut 
245 1 0 |a THE RIGHT TO BE HEARD: ONE Magazine, Obscenity Law, and the Battle Over Homosexual Speech 
264 1 |c 2020 
336 |a Text  |b txt  |2 rdacontent 
337 |a Computermedien  |b c  |2 rdamedia 
338 |a Online-Ressource  |b cr  |2 rdacarrier 
520 |a In the years following the Second World War, the movement for LGBT rights in the United States evolved dramatically from a state of near invisibility to one of outward protest and pride. How can historians account for this radical shift within the movement? Previous historical analyses have focused on the rise of queer consciousness. This article, however, suggests that growing consciousness does not provide a complete obscenity law must be taken into consideration 
856 4 0 |u https://core.ac.uk/download/289127223.pdf  |x Verlag  |z kostenfrei  |3 Volltext  |7 0 
935 |a mkri 
951 |a BO 
ELC |a 1 
LOK |0 000 xxxxxcx a22 zn 4500 
LOK |0 001 4392974766 
LOK |0 003 DE-627 
LOK |0 004 1866329030 
LOK |0 005 20231019043703 
LOK |0 008 231019||||||||||||||||ger||||||| 
LOK |0 035   |a (DE-2619)CORE78740889 
LOK |0 040   |a DE-2619  |c DE-627  |d DE-2619 
LOK |0 092   |o n 
LOK |0 852   |a DE-2619 
LOK |0 852 1  |9 00 
LOK |0 935   |a core 
LOK |0 939   |a 19-10-23  |b l01 
OAS |a 1 
ORI |a SA-MARC-krimdoka001.raw